[Event "AUT-ch"]
[Site "Moesern"]
[Date "1997.08.07"]
[Round "6"]
[White "Lendwai, Reinhard"]
[Black "Schroll, Gerhard"]
[Result "0-1"]
[WhiteElo "2375"]
[BlackElo "2405"]
[PlyCount "184"]
[EventDate "1997.08.??"]

1. e4 Nf6 2. e5 Nd5 3. d4 d6 4. Nf3 Nc6 5. c4 Nb6 6. e6 fxe6 7. Nc3 e5 8. dxe5
Bf5 9. Bd3 Bxd3 10. Qxd3 Nxe5 11. Nxe5 dxe5 12. Qe2 Nd7 13. O-O e6 14. Rd1 Bc5
15. Ne4 Bd4 16. Bg5 Nf6 17. Bxf6 gxf6 18. Nc5 Qe7 19. Rxd4 exd4 20. Nxe6 Kd7
21. Re1 Rag8 22. Qe4 Kc8 23. Qxd4 Rd8 24. Qg4 Kb8 25. Re3 Qd7 26. Qe4 Qd1+ 27.
Re1 Rhe8 28. f4 Qd3 29. Qxd3 Rxd3 30. Re2 f5 31. Kf2 b6 32. g3 Re7 33. Ng5 Red7
34. Nf3 Rd1 35. Nh4 Rf7 36. Ng2 a5 37. Ne3 Ra1 38. b3 Re7 39. Rd2 Rf7 40. Nd5
Kb7 41. h3 c6 42. Ne3 Kc7 43. Kf3 h5 44. Rc2 Rh1 45. Kg2 Rb1 46. Kf3 Ra1 47.
Kf2 Kd8 48. Kf3 Ke7 49. Rd2 Rf8 50. Kf2 Rc1 51. Kf3 Ke6 52. g4 hxg4+ 53. hxg4
fxg4+ 54. Nxg4 Rf1+ 55. Nf2 Re8 56. Kg2 Re1 57. c5 b5 58. Rd6+ Kf5 59. Rxc6
R8e2 60. Rc8 Rxa2 61. c6 Rc1 62. c7 Rac2 63. Rf8+ Ke6 64. Rb8 b4 65. Ra8 Rxc7
66. Rxa5 Rb1 67. Re5+ Kf7 68. Kf3 Rxb3+ 69. Kg4 Rb1 70. Ne4 b3 71. Ng5+ Kf6 72.
Re6+ Kg7 73. Rb6 Ra7 74. Ne6+ Kf7 75. Nd8+ Ke8 76. Nc6 Ra2 77. Kf5 b2 78. Ne5
Re1 79. Re6+ Kd8 80. Nc6+ Kc7 81. Rxe1 Ra1 82. Re7+ Kxc6 83. Re6+ Kc5 84. Re5+
Kc4 85. Re4+ Kd3 86. Rb4 b1=Q 87. Rxb1 Rxb1 88. Kg5 Rb5+ 89. f5 Ke4 90. Kg4
Rxf5 91. Kg3 Ke3 92. Kg4 Rf1 0-1

[Event "AUT-ch"]
[Site "Moesern"]
[Date "1997.08.05"]
[Round "6"]
[White "Weinzettl, Ernst"]
[Black "Mahdy, Khaled"]
[Result "1-0"]
[WhiteElo "2410"]
[BlackElo "2400"]
[PlyCount "160"]
[EventDate "1997.08.??"]

1. Nf3 g6 2. e4 Bg7 3. d4 d6 4. Nc3 c6 5. Be2 Nf6 6. O-O O-O 7. Bf4 Nbd7 8. Qd2
c5 9. d5 b5 10. Bxb5 Rb8 11. Rfe1 a6 12. Bxd7 Nxd7 13. Rab1 Qa5 14. e5 Nb6 15.
exd6 exd6 16. Bh6 Bf5 17. Bxg7 Kxg7 18. Nh4 Bd7 19. Qf4 Qb4 20. Re4 c4 21. Re7
Kg8 22. a3 Qa5 23. Rd1 Rbe8 24. Rxe8 Rxe8 25. Qxd6 Ba4 26. Nf3 Bxc2 27. Rc1 Be4
28. Re1 f5 29. Qc7 Rc8 30. Qe7 Qc5 31. Qe6+ Kg7 32. Ng5 Rf8 33. Qe5+ Kg8 34.
Ne6 Qe7 35. d6 Qf6 36. Qd4 Qxe6 37. Qxb6 Qd7 38. f3 Bc6 39. Rd1 Rf6 40. Qc5 Kg7
41. Kf2 g5 42. Qxc4 Rxd6 43. Rxd6 Qxd6 44. Qxa6 Qc5+ 45. Ke2 Be8 46. Kd2 Bf7
47. Qe2 Qd4+ 48. Kc2 Bc4 49. Qd1 Qf2+ 50. Kb1 Bf7 51. Qe2 Qg1+ 52. Kc2 Qxh2 53.
b4 h5 54. Qd2 g4 55. Nd1 h4 56. fxg4 fxg4 57. Qd4+ Kh6 58. Qxg4 Bh5 59. Ne3
Qc7+ 60. Qc4 Bg6+ 61. Kd2 Qd6+ 62. Kc3 Qg3 63. Qd4 Kh7 64. b5 Qe1+ 65. Qd2 Qa1+
66. Kb4 Qb1+ 67. Ka5 Qe4 68. a4 Qa8+ 69. Kb4 Qf8+ 70. Kb3 Qf4 71. a5 Bf7+ 72.
Ka3 Qe5 73. Qd3+ Kg8 74. a6 Qa1+ 75. Kb4 Qb2+ 76. Kc5 Qc1+ 77. Kb6 Qb2 78. Qd8+
Kg7 79. a7 Qa3 80. Nf5+ Kg6 1-0

[Event "AUT-ch"]
[Site "Moesern"]
[Date "1997.08.05"]
[Round "6"]
[White "Brestian, Egon"]
[Black "Lehner, Oliver"]
[Result "0-1"]
[WhiteElo "2440"]
[BlackElo "2400"]
[PlyCount "80"]
[EventDate "1997.08.??"]

1. d4 Nf6 2. Nf3 e6 3. e3 b6 4. Bd3 Bb7 5. O-O d6 6. Nbd2 Nbd7 7. Qe2 g6 8. b3
Bg7 9. Bb2 O-O 10. c4 Re8 11. Bc2 e5 12. d5 Nh5 13. Ne1 Rf8 14. g4 Nhf6 15. Ng2
c6 16. e4 cxd5 17. cxd5 Rc8 18. Bd3 Nc5 19. Bc4 Bh6 20. f3 b5 21. Bd3 Qb6 22.
Kh1 Nxd3 23. Qxd3 Nd7 24. Rad1 Qa5 25. a3 Nc5 26. Qe2 Bxd2 27. Rxd2 Nxb3 28.
Rd3 Nc5 29. Rdd1 Ba6 30. Rg1 b4 31. Qe3 b3 32. Bc3 Qb5 33. Rd2 Nd3 34. Bb2 Rc2
35. Nh4 Qc5 36. Qh6 Rxd2 37. Nf5 Nf2+ 38. Kg2 Nxe4+ 39. Kh1 Qxg1+ 40. Kxg1 Rd1+
0-1

[Event "AUT-ch"]
[Site "Moesern"]
[Date "1997.08.07"]
[Round "6"]
[White "Hoelzl, Franz"]
[Black "Danner, Georg"]
[Result "1/2-1/2"]
[WhiteElo "2440"]
[BlackElo "2415"]
[PlyCount "82"]
[EventDate "1997.08.??"]

1. d4 f5 2. g3 g6 3. Bg2 Bg7 4. Nf3 d6 5. c4 Nf6 6. b3 O-O 7. Bb2 Qe8 8. Qc2 h6
9. O-O g5 10. e3 c6 11. Nbd2 Na6 12. Rfe1 Qh5 13. Bc3 Rf7 14. b4 Nc7 15. a4 f4
16. exf4 gxf4 17. Nh4 fxg3 18. fxg3 Nh7 19. Be4 Nf8 20. Bf3 Bg4 21. Bxg4 Qxg4
22. Re4 Qh3 23. Rae1 Re8 24. R4e3 d5 25. c5 e5 26. dxe5 Nfe6 27. Rf3 Ref8 28.
Ref1 Rxf3 29. Rxf3 Rxf3 30. Ndxf3 Qg4 31. Qg6 Qxg6 32. Nxg6 Kf7 33. Nf4 a5 34.
Nxe6 Nxe6 35. b5 Nxc5 36. Bxa5 Nxa4 37. bxc6 bxc6 38. Nd4 Bxe5 39. Nxc6 Bf6 40.
Bd2 h5 41. Be3 Nc3 1/2-1/2

[Event "AUT-ch"]
[Site "Moesern"]
[Date "1997.08.05"]
[Round "6"]
[White "Rolletschek, Heinrich"]
[Black "Duer, Arne"]
[Result "1-0"]
[WhiteElo "2325"]
[BlackElo "2405"]
[PlyCount "101"]
[EventDate "1997.08.??"]

1. e4 c5 2. Nf3 Nc6 3. c3 d5 4. exd5 Qxd5 5. d4 Nf6 6. Be2 cxd4 7. cxd4 e6 8.
Nc3 Qd6 9. O-O Be7 10. Bg5 O-O 11. Qd2 b6 12. a3 Bb7 13. Bf4 Qd8 14. Rad1 Nd5
15. Bg3 Rc8 16. Ne5 Na5 17. Nxd5 Qxd5 18. Bf3 Qb3 19. Bxb7 Nxb7 20. Rc1 Qd5 21.
Rc3 Nd6 22. Rd3 Nf5 23. Ng4 Qe4 24. h3 Rfd8 25. Re1 Qc6 26. Bf4 Qc2 27. Re2 Qa4
28. Be3 Rd5 29. Nh2 Rcd8 30. Nf3 Bf6 31. Re1 h6 32. g4 Nxd4 33. Bxd4 Bxd4 34.
Kg2 Bf6 35. Rxd5 Rxd5 36. Qe2 Qf4 37. b3 h5 38. Qe4 Qxe4 39. Rxe4 Rd3 40. Ra4
hxg4 41. hxg4 Rxb3 42. Rxa7 b5 43. g5 Bb2 44. g6 fxg6 45. Ng5 Kf8 46. Nxe6+ Ke8
47. Rb7 Bxa3 48. Rxg7 b4 49. Nc7+ Kd8 50. Ne6+ Kc8 51. Rg8+ 1-0

[Event "AUT-ch"]
[Site "Moesern"]
[Date "1997.08.07"]
[Round "6"]
[White "Stanec, Nikolaus"]
[Black "Kummer, Helmut"]
[Result "1-0"]
[WhiteElo "2465"]
[BlackElo "2380"]
[PlyCount "104"]
[EventDate "1997.08.??"]

1. c4 Nf6 2. Nc3 e6 3. d4 d5 4. cxd5 exd5 5. Bg5 Bb4 6. e3 Nbd7 7. Bd3 c5 8.
Nge2 c4 9. Bc2 h6 10. Bh4 g5 11. Bg3 Nh5 12. a3 Nxg3 13. Nxg3 Bxc3+ 14. bxc3
Nf6 15. O-O h5 16. f3 h4 17. Ne2 Qc7 18. Qd2 Rg8 19. e4 Be6 20. e5 Nh5 21. Ba4+
Bd7 22. Bxd7+ Qxd7 23. f4 g4 24. f5 O-O-O 25. a4 Rh8 26. a5 Qc7 27. f6 Qd7 28.
Qc2 Rdg8 29. Qf5 Qxf5 30. Rxf5 Kc7 31. Rb1 Kc6 32. Nc1 Rg6 33. Ne2 b5 34. axb6
axb6 35. Kf1 b5 36. Ke1 Kb6 37. Kd2 Rgg8 38. Ra1 Kb7 39. Ke3 Re8 40. Ra3 Rh6
41. Kd2 Rhh8 42. Rf1 Ra8 43. Rxa8 Rxa8 44. Rf5 Rh8 45. Rg5 g3 46. h3 Kc7 47.
Ke3 Kd7 48. Kf3 b4 49. cxb4 Ra8 50. Rxh5 Ra3+ 51. Kf4 Ra2 52. Ke3 Ra3+ 1-0

[Event "AUT-ch"]
[Site "Moesern"]
[Date "1997.08.08"]
[Round "7"]
[White "Kummer, Helmut"]
[Black "Schlosser, Michael"]
[Result "0-1"]
[WhiteElo "2380"]
[BlackElo "2350"]
[PlyCount "146"]
[EventDate "1997.08.??"]

1. d4 Nf6 2. c4 g6 3. Nc3 Bg7 4. e4 d6 5. Be2 O-O 6. Bg5 Na6 7. Qd2 e5 8. d5 c6
9. h4 Qa5 10. f3 cxd5 11. cxd5 Nh5 12. g4 Ng3 13. Rh3 Nxe2 14. Ngxe2 f6 15. Be3
f5 16. gxf5 gxf5 17. Rh2 f4 18. Bf2 b5 19. a3 Bd7 20. Nc1 b4 21. N3a2 Rfb8 22.
Nd3 Qa4 23. Naxb4 Nxb4 24. Nxb4 Qb3 25. Qc3 Qxc3+ 26. bxc3 a5 27. Nc6 Rb3 28.
Kd2 Bxc6 29. dxc6 Rc8 30. Kc2 a4 31. Rb1 Rxb1 32. Kxb1 Rxc6 33. Kc2 Bf6 {} 34.
h5 Kf7 35. Rg2 Bd8 36. Kd3 Rc8 37. Be1 Rb8 38. Kc4 Rb1 39. Bd2 Rb3 40. Kd5 Be7
41. h6 Bf8 42. Rg5 Rxa3 43. Rf5+ Ke7 44. Be1 Rb3 45. Bh4+ Ke8 46. Rg5 a3 47.
Rg1 Rxc3 48. Ke6 a2 49. Ra1 Ra3 50. Be1 Be7 51. Bb4 Rb3 52. Ba5 Ra3 53. Bb4 Ra6
54. Bc3 d5+ 55. Kxd5 Kf7 56. Kc4 Ke6 57. Kb3 Bf8 58. Rxa2 Rxa2 59. Kxa2 Bxh6
60. Kb3 Bg5 61. Kc4 h5 62. Kd3 Kd6 63. Ke2 Bf6 64. Kf1 Kc5 65. Be1 Kd4 66. Bf2+
Kd3 67. Bg1 h4 68. Bb6 h3 69. Bg1 Bh4 70. Bc5 h2 71. Kg2 Ke2 72. Bf8 Bf2 73.
Be7 Bd4 0-1

[Event "AUT-ch"]
[Site "Moesern"]
[Date "1997.08.08"]
[Round "7"]
[White "Duer, Arne"]
[Black "Stanec, Nikolaus"]
[Result "0-1"]
[WhiteElo "2405"]
[BlackElo "2465"]
[PlyCount "70"]
[EventDate "1997.08.??"]

1. c4 e5 2. g3 Nc6 3. Bg2 g6 4. Nc3 Bg7 5. e3 d6 6. Nge2 h5 7. h3 Nh6 8. b3 O-O
9. Bb2 f5 10. Nd5 Ne7 11. d4 c6 12. Nxe7+ Qxe7 13. O-O e4 14. Nf4 Kh7 15. f3
Bd7 16. Kh2 Rae8 17. fxe4 fxe4 18. Qd2 Nf5 19. Rae1 Qg5 20. Qf2 Qh6 21. h4 g5
22. hxg5 Qxg5 23. Bh3 Qh6 24. Rg1 Bf6 25. d5 Be5 26. dxc6 bxc6 27. Bxe5 dxe5
28. Qd2 Nd4 29. exd4 exf4 30. gxf4 Bxh3 31. Kxh3 Rxf4 32. Re3 Qe6+ 33. Kh2 Rh4+
34. Kg2 Rg8+ 35. Kf1 Rf4+ 0-1

[Event "AUT-ch"]
[Site "Moesern"]
[Date "1997.08.08"]
[Round "7"]
[White "Danner, Georg"]
[Black "Rolletschek, Heinrich"]
[Result "0-1"]
[WhiteElo "2415"]
[BlackElo "2325"]
[PlyCount "190"]
[EventDate "1997.08.??"]

1. d4 1... d6 2. c4 g6 3. Nc3 Bg7 4. Nf3 e5 5. e4 Bg4 6. d5 Ne7 7. Be2 O-O 8.
Be3 c5 9. Nd2 Bxe2 10. Qxe2 f5 11. f3 Nd7 12. Rb1 Nf6 13. a3 Qd7 14. b4 b6 15.
O-O h5 16. bxc5 bxc5 17. Rb5 a6 18. Rb6 Rfb8 19. Rfb1 Rxb6 20. Rxb6 Qc7 21. Rb3
Rb8 22. Qd1 Kh7 23. Bg5 Neg8 24. exf5 Rxb3 25. Qxb3 gxf5 26. Nf1 Bh6 27. f4 e4
28. Ne2 Qa5 29. Qh3 Ng4 30. Qh4 Qxa3 31. Bxh6 N4xh6 32. Qxh5 Qd3 33. Neg3 Qd4+
34. Kh1 Qxc4 35. h3 Qd3 36. Kg1 Nf6 37. Qg5 Qd4+ 38. Kh2 Nxd5 39. Nxf5 Nxf5 40.
Qxf5+ Kg7 41. Qd7+ Kf8 42. Qxd6+ Ne7 43. Qh6+ Kf7 44. Ng3 e3 45. Qh5+ Ke6 46.
f5+ Kd7 47. Qf7 Qe5 48. f6 e2 49. fxe7 Qxg3+ 50. Kxg3 e1=Q+ 51. Kh2 Qxe7 52.
Qc4 Qd6+ 53. Kh1 Qd4 54. Qxa6 c4 55. Qb7+ Kd6 56. Qb8+ Kc6 57. Qc8+ Kb5 58.
Qb7+ Ka4 {} 59. Qa6+ Kb4 60. Qb7+ Ka3 61. Qa6+ Kb2 62. Qa4 Qc5 63. Qa6 c3 64.
Qf6 Kc1 65. Qf4+ Kd1 66. Qf3+ Kd2 67. Qf4+ Qe3 68. Qb4 Qe1+ 69. Kh2 Qe5+ 70.
Kh1 Kc1 71. Qa3+ Kd1 72. Qa1+ Kd2 73. Qa4 c2 74. Qb4+ Qc3 75. Qf4+ Kd3 76. Qf5+
Kc4 77. Qe6+ Kb4 78. Qb6+ Ka3 79. Qa6+ Kb2 80. Qb5+ Ka3 81. Qa6+ Kb3 82. Qb5+
Qb4 83. Qd3+ Kb2 84. Qe2 Qc5 85. Qd2 Ka1 86. Qc1+ Ka2 87. h4 Qc3 88. Kh2 Qb2
89. Qg5 c1=Q 90. Qa5+ Qa3 91. Qd5+ Qb3 92. Qa5+ Kb1 93. Qf5+ Qcc2 94. Qf1+ Qd1
95. Qf5+ Qdd3 0-1

[Event "AUT-ch"]
[Site "Moesern"]
[Date "1997.08.08"]
[Round "7"]
[White "Lehner, Oliver"]
[Black "Hoelzl, Franz"]
[Result "1/2-1/2"]
[WhiteElo "2400"]
[BlackElo "2440"]
[PlyCount "80"]
[EventDate "1997.08.??"]

1. d4 Nf6 2. Nf3 e6 3. Bf4 b6 4. Nbd2 Bb7 5. e3 Be7 6. h3 O-O 7. Bh2 c5 8. Bd3
d6 9. Qe2 Nbd7 10. O-O Qc7 11. c3 Rfe8 12. Rad1 Bf8 13. e4 e5 14. dxe5 Nxe5 15.
Nxe5 dxe5 16. Bb5 Bc6 17. a4 a6 18. Bxa6 Bxa4 19. Ra1 Bc6 20. Bb5 Rxa1 21. Rxa1
g6 22. f3 Bh6 23. Bxc6 Qxc6 24. Nc4 Bf4 25. g3 Bh6 26. g4 Bf4 27. Bxf4 exf4 28.
Rd1 Re6 29. Qd3 Qa4 30. e5 Nd7 31. Re1 Qc6 32. Re4 b5 33. Na5 Qc7 34. Qxb5 Nxe5
35. Kg2 Qd6 36. b4 Qd2+ 37. Qe2 Qxc3 38. bxc5 Qxc5 39. Nb3 Qc7 40. Nd4 Re7
1/2-1/2

[Event "AUT-ch"]
[Site "Moesern"]
[Date "1997.08.08"]
[Round "7"]
[White "Mahdy, Khaled"]
[Black "Brestian, Egon"]
[Result "1/2-1/2"]
[WhiteElo "2400"]
[BlackElo "2440"]
[PlyCount "108"]
[EventDate "1997.08.??"]

1. e4 c5 2. Nf3 d6 3. c3 Nf6 4. d3 g6 5. Be2 Nbd7 6. d4 Qc7 7. O-O Bg7 8. Re1
O-O 9. Nbd2 cxd4 10. cxd4 Nb6 11. Bd3 e5 12. h3 Bd7 13. d5 Nh5 14. Nf1 Nf4 15.
Bxf4 exf4 16. Qd2 Na4 17. Rac1 Qb6 18. b3 Nc5 19. Bb1 a5 20. Qxf4 a4 21. N1d2
axb3 22. axb3 Bb5 23. e5 Nd3 24. Bxd3 Bxd3 25. exd6 Rad8 26. Ne5 Bf5 27. g4 Bd7
28. Nxd7 Rxd7 29. Nc4 Qxb3 30. Rb1 Qa3 31. Re7 Rdd8 32. Qg3 Qxg3+ 33. fxg3 Bd4+
34. Kg2 Bc5 35. Rbxb7 Bxd6 36. Red7 Bc5 37. d6 Ra8 38. g5 Ra6 39. Kf3 Kg7 40.
Ke4 h6 41. gxh6+ Kxh6 42. Kd5 Bf2 43. Rxf7 Rxf7 44. Rxf7 Bxg3 45. d7 Bh4 46.
Rf4 Bg5 47. Rf7 Ra1 48. Ne5 Rd1+ 49. Ke6 Re1 50. Rf3 Bd8 51. Kd6 Rd1+ 52. Rd3
Rxd3+ 53. Nxd3 g5 54. Ne5 Kh5 1/2-1/2

[Event "AUT-ch"]
[Site "Moesern"]
[Date "1997.08.08"]
[Round "7"]
[White "Wittmann, Walter"]
[Black "Weinzettl, Ernst"]
[Result "0-1"]
[WhiteElo "2405"]
[BlackElo "2410"]
[PlyCount "150"]
[EventDate "1997.08.??"]

1. e4 c5 2. Nf3 Nc6 3. d4 cxd4 4. Nxd4 e5 5. Nb5 d6 6. N1c3 a6 7. Na3 b5 8. Nd5
Nge7 9. c4 Nd4 10. Nc2 Nxc2+ 11. Qxc2 Nxd5 12. cxd5 Be7 13. Bd3 O-O 14. a4 bxa4
15. Qxa4 Bd7 16. Qa3 a5 17. O-O Qb8 18. Bd2 a4 19. Rfc1 Ra7 20. Rc4 Rb7 21. Rb4
Rc8 22. Rxb7 Qxb7 23. Bc3 Rb8 24. h3 Kf8 25. Qa2 Qb6 26. Qb1 Bh4 27. Qe1 g6 28.
Bc2 {} 28... Ra8 29. Qe3 Qxe3 30. fxe3 Bd8 31. Kf2 Bb6 32. Ke2 Ke7 33. Kd2 Bc5
34. b3 a3 35. b4 Ba7 36. Bd3 f5 37. Ke2 Bb6 38. Kd2 fxe4 39. Bxe4 Rf8 40. Rxa3
Bb5 41. Bd3 Bd7 42. Ke2 Bc8 43. Ba6 Bf5 44. Bb7 Be4 45. Ra6 Bd8 46. Bc6 Bxg2
47. Ra7+ Kf6 48. Rxh7 Kf5 49. Be1 Ke4 50. Bh4 Bf1+ 51. Kd2 g5 52. Be1 Bb6 53.
Kc2 Bxe3 54. b5 Bc4 55. Kc3 Bxd5 56. Kb4 Bc5+ 57. Ka4 Rf1 58. Bc3 Rc1 59. Bb2
Rb1 60. Bc3 Kd3 61. Bxd5 Kxc3 62. b6 Rxb6 63. Rb7 Ra6+ 64. Kb5 Ra1 65. Kc6 Kd4
66. Be6 e4 67. Bg4 Ra6+ 68. Kb5 Ra2 69. Kc6 d5 70. Rg7 Rc2 71. Kb5 e3 72. Rg6
Rb2+ 73. Ka5 Kc4 74. Bd7 Ra2+ 75. Ba4 Bb4+ 0-1

[Event "AUT-ch"]
[Site "Moesern"]
[Date "1997.08.08"]
[Round "7"]
[White "Schroll, Gerhard"]
[Black "Casagrande, Harald"]
[Result "1-0"]
[WhiteElo "2405"]
[BlackElo "2345"]
[PlyCount "81"]
[EventDate "1997.08.??"]

1. d4 g6 2. c4 Bg7 3. Nc3 d6 4. Nf3 Nd7 5. g3 e5 6. Bg2 exd4 7. Nxd4 Ngf6 8.
O-O O-O 9. b3 Re8 10. Bb2 c6 11. Qc2 Qb6 12. Na4 Qc7 13. Rad1 Nc5 14. b4 Nxa4
15. Qxa4 Bg4 16. Qc2 Qb6 17. h3 Bd7 18. Bf3 d5 19. c5 Qc7 20. Nb3 Ne4 21. Bxg7
Kxg7 22. Nd2 Nf6 23. Rfe1 Re7 24. Qc3 Rae8 25. e4 dxe4 26. Rxe4 Re5 27. Rd4 Kg8
28. Nc4 Re2 29. Nd6 R8e7 30. Rf4 Nd5 31. Bxd5 cxd5 32. Nxf7 Qxf4 33. gxf4 Kxf7
34. Rxd5 Re1+ 35. Kh2 Bc6 36. Rd6 Rh1+ 37. Kg3 Rg1+ 38. Kh4 g5+ 39. Kh5 gxf4
40. Qh8 Be8 41. Rf6# {1-0 Schroll,G-Casagrande,H/AUT-ch 1997} 1-0

[Event "AUT-ch"]
[Site "Moesern"]
[Date "1997.08.08"]
[Round "7"]
[White "Sommerbauer, Norbert"]
[Black "Lendwai, Reinhard"]
[Result "1/2-1/2"]
[WhiteElo "2395"]
[BlackElo "2375"]
[PlyCount "31"]
[EventDate "1997.08.??"]

1. Nf3 Nf6 2. c4 g6 3. Nc3 Bg7 4. e4 d6 5. d4 O-O 6. h3 c5 7. d5 e6 8. Bd3 exd5
9. exd5 Re8+ 10. Be3 a6 11. O-O b6 12. a4 Ra7 13. Qd2 Rae7 14. Bg5 Nbd7 15. Nh2
Ne5 16. Be2 1/2-1/2

[Event "AUT-ch"]
[Site "Moesern"]
[Date "1997.08.09"]
[Round "8"]
[White "Schlosser, Michael"]
[Black "Lendwai, Reinhard"]
[Result "0-1"]
[WhiteElo "2350"]
[BlackElo "2375"]
[PlyCount "76"]
[EventDate "1997.08.??"]

1. e4 c5 2. Nf3 d6 3. d4 cxd4 4. Nxd4 Nf6 5. Nc3 a6 6. Be3 Ng4 7. Bg5 h6 8. Bh4
g5 9. Bg3 Bg7 10. Be2 h5 11. Bxg4 Bxg4 12. f3 Bd7 13. Bf2 Nc6 14. O-O e6 15.
Nxc6 Bxc6 16. Bd4 Be5 17. Rf2 Qf6 18. Rd2 O-O-O 19. Ne2 g4 20. Bxe5 dxe5 21.
Rd3 gxf3 22. gxf3 Rdg8+ 23. Kh1 Rg6 24. Qe1 Rhg8 25. Rc3 Kb8 26. Rd1 h4 27. Qd2
{} 27... Bxe4 28. fxe4 Qf2 29. Ng3 hxg3 30. Rxg3 Qxd2 31. Rxd2 Rxg3 32. hxg3
Rxg3 33. Rf2 Rg7 34. Kh2 Kc7 35. Kh3 Kd6 36. Rd2+ Ke7 37. Rd3 f5 38. Rb3 Kf6
0-1

[Event "AUT-ch"]
[Site "Moesern"]
[Date "1997.08.09"]
[Round "8"]
[White "Casagrande, Harald"]
[Black "Sommerbauer, Norbert"]
[Result "1-0"]
[WhiteElo "2345"]
[BlackElo "2395"]
[PlyCount "102"]
[EventDate "1997.08.??"]

1. d4 d5 2. c4 e6 3. cxd5 exd5 4. Nc3 c6 5. Nf3 Bf5 6. Bf4 Nf6 7. e3 Bd6 8. Ne5
Qe7 9. Bd3 Bxd3 10. Qxd3 O-O 11. O-O Nbd7 12. Nxd7 Nxd7 13. Bxd6 Qxd6 14. b4 a6
15. Rab1 Rfe8 16. a4 Nf6 17. f3 Re7 18. Rfe1 Rae8 19. b5 axb5 20. axb5 c5 21.
dxc5 Qxc5 22. Kf2 Rc7 23. Ne2 Qd6 24. Kg1 Qe5 25. Rbc1 Rxc1 26. Nxc1 Rc8 27.
Ne2 h6 28. Nd4 g6 29. Qa3 Kg7 30. Rc1 Rc4 31. Rd1 h5 32. h4 Qg3 33. Qe7 Rxd4
34. Rxd4 g5 35. Qb4 g4 36. Rf4 Kg6 37. Qb1+ Ne4 38. fxe4 Qxe3+ 39. Rf2 g3 40.
exd5+ Kh6 41. Qf5 gxf2+ 42. Qxf2 Qc1+ 43. Kh2 Kg6 44. Qd4 Qc7+ 45. d6 Qd7 46.
Qd5 Kf6 47. g3 Qg4 48. Qd2 Qd7 49. Qh6+ Ke5 50. Qxh5+ f5 51. Qe2+ Kd5 1-0

[Event "AUT-ch"]
[Site "Moesern"]
[Date "1997.08.09"]
[Round "8"]
[White "Weinzettl, Ernst"]
[Black "Schroll, Gerhard"]
[Result "1/2-1/2"]
[WhiteElo "2410"]
[BlackElo "2405"]
[PlyCount "121"]
[EventDate "1997.08.??"]

1. e4 Nf6 2. e5 Nd5 3. d4 d6 4. Bc4 Nb6 5. Bb3 Bf5 6. Qf3 Qc8 7. Ne2 e6 8. Nbc3
d5 9. Be3 Nc6 10. g4 Bg6 11. Nf4 Bb4 12. Nxg6 hxg6 13. O-O Bxc3 14. bxc3 a5 15.
a4 Qd8 16. Qg2 Qh4 17. f4 Qh3 18. Rf3 Qxg2+ 19. Kxg2 Ne7 20. Bc1 Nc4 21. h3 Rh7
22. Ba3 Nxa3 23. Rxa3 O-O-O 24. Ba2 c6 25. c4 dxc4 26. c3 c5 27. dxc5 Rd3 28.
Rxd3 cxd3 29. c4 g5 30. f5 exf5 31. gxf5 d2 32. Rd3 Nxf5 33. Rxd2 g6 34. Re2
Nd4 35. Re3 Ne6 36. Bb1 Nf4+ 37. Kf2 Rxh3 38. Rxh3 Nxh3+ 39. Kg3 Nf4 40. Be4
Ne6 41. Bd5 Kd7 42. Kg4 Ke7 43. c6 bxc6 44. Bxc6 Nc5 45. Kxg5 Nd3 46. Be4 Nxe5
47. c5 f6+ 48. Kf4 Ke6 49. Ke3 f5 50. Bb7 g5 51. Kd4 Nd7 52. Bc8 Ke7 53. c6 Nb6
54. Bxf5 Kd6 55. c7 Kxc7 56. Kc5 Nxa4+ 57. Kb5 Nc3+ 58. Kxa5 Kd6 59. Kb4 Nd5+
60. Kb3 Ke5 61. Bd7 1/2-1/2

[Event "AUT-ch"]
[Site "Moesern"]
[Date "1997.08.09"]
[Round "8"]
[White "Brestian, Egon"]
[Black "Wittmann, Walter"]
[Result "1-0"]
[WhiteElo "2440"]
[BlackElo "2405"]
[PlyCount "93"]
[EventDate "1997.08.??"]

1. e4 c5 2. Nf3 d6 3. c3 Nf6 4. Be2 g6 5. O-O Bg7 6. Re1 O-O 7. Bf1 Nc6 8. a3
Bg4 9. h3 Bxf3 10. Qxf3 Nd7 11. d3 Rb8 12. Be3 b5 13. Nd2 a5 14. Rec1 Nb6 15.
Qe2 Na4 16. Nf3 d5 17. Bf4 Rb7 18. e5 d4 19. Qe4 Qd7 20. Rc2 dxc3 21. bxc3 Rd8
22. d4 c4 23. Rb1 e6 24. Bg5 Re8 25. Qh4 Bf8 26. Bf6 Ne7 27. Ng5 h6 28. Ne4 Nd5
29. g4 Bg7 30. g5 Nxf6 31. Nxf6+ Bxf6 32. gxf6 Kh7 33. Re1 Rh8 34. Bg2 Rc7 35.
Qg3 Nb6 36. h4 h5 37. Be4 Nd5 38. Qf3 Kg8 39. Rb2 Rb7 40. Kh2 Kf8 41. Reb1 a4
42. Bc2 Rb6 43. Bxa4 Qa7 44. Rxb5 Qxa4 45. Rxb6 Nxb6 46. Rxb6 Kg8 47. Qc6 1-0

[Event "AUT-ch"]
[Site "Moesern"]
[Date "1997.08.09"]
[Round "8"]
[White "Hoelzl, Franz"]
[Black "Mahdy, Khaled"]
[Result "0-1"]
[WhiteElo "2440"]
[BlackElo "2400"]
[PlyCount "118"]
[EventDate "1997.08.??"]

1. d4 Nf6 2. c4 c5 3. d5 g6 4. Nc3 Bg7 5. e4 O-O 6. Nge2 d6 7. Ng3 e6 8. Be2
exd5 9. cxd5 a6 10. a4 Nbd7 11. O-O Ne8 12. Qc2 Rb8 13. b3 Qh4 14. Bb2 Bd4 15.
Nb1 Ne5 16. Nd2 Bxb2 17. Qxb2 Qf4 18. Nc4 f6 19. Qd2 Qxd2 20. Nxd2 Nc7 21. Rfc1
a5 22. f4 Nf7 23. Nc4 b6 24. Bf3 Rd8 25. Rd1 Kf8 26. Rd2 Ba6 27. Re1 Re8 28.
Kf2 Re7 29. Nf1 Ne8 30. Nfe3 Bc8 31. Nd1 Bd7 32. Nc3 b5 33. axb5 Bxb5 34. Nxa5
Ra7 35. Ra2 Bd7 36. Rea1 f5 37. exf5 gxf5 38. Ra3 Nf6 39. Nc6 Rxa3 40. Rxa3 Rb6
41. Na5 Ra6 42. Nc4 Rxa3 43. Nxa3 Nd8 44. Nc4 Ke7 45. Bd1 Nf7 46. Ne3 Nh6 47.
h3 Kf7 48. Bc2 Kg7 49. Na4 Be8 50. Nb6 Bf7 51. g3 Kh8 52. Nc8 Nxd5 53. Nxd6
Nxe3 54. Kxe3 Bd5 55. Ne8 Bg2 56. h4 Bc6 57. Nc7 Ng4+ 58. Kd2 Nf6 59. Ne6 Nh5
0-1

[Event "AUT-ch"]
[Site "Moesern"]
[Date "1997.08.09"]
[Round "8"]
[White "Rolletschek, Heinrich"]
[Black "Lehner, Oliver"]
[Result "0-1"]
[WhiteElo "2325"]
[BlackElo "2400"]
[PlyCount "58"]
[EventDate "1997.08.??"]

1. e4 c5 2. g3 d5 3. d3 Nc6 4. Bg2 Nf6 5. Ne2 e5 6. c3 Be7 7. O-O O-O 8. Nd2
Be6 9. f4 dxe4 10. Nxe4 Nxe4 11. Bxe4 c4 12. fxe5 cxd3 13. Qxd3 Bc5+ 14. Kg2
Qxd3 15. Bxd3 Bd5+ 16. Kh3 Nxe5 17. Bc2 Bc4 18. Bd1 Rad8 19. Bf4 Rfe8 20. b3
Bd3 21. a4 Ng6 22. Ra2 Rd5 23. g4 h5 24. Kg3 h4+ 25. Kh3 Nxf4+ 26. Rxf4 Bb1 27.
Rd4 Rxd4 28. cxd4 Bxa2 29. dxc5 Bxb3 0-1

[Event "AUT-ch"]
[Site "Moesern"]
[Date "1997.08.09"]
[Round "8"]
[White "Stanec, Nikolaus"]
[Black "Danner, Georg"]
[Result "1-0"]
[WhiteElo "2465"]
[BlackElo "2415"]
[PlyCount "79"]
[EventDate "1997.08.??"]

1. d4 f5 2. g3 g6 3. Bg2 Bg7 4. Nh3 Nc6 5. d5 Ne5 6. Nf4 Nf6 7. Nc3 c6 8. O-O
Nf7 9. e4 e5 10. dxe6 dxe6 11. Qxd8+ Kxd8 12. Nd3 Re8 13. Re1 e5 14. f4 Nxe4
15. Nxe4 fxe4 16. Bxe4 exf4 17. Bxf4 Bh6 18. Bxh6 Nxh6 19. Bg2 Rxe1+ 20. Rxe1
Nf5 21. Nc5 Ne7 22. Rf1 Ke8 23. Ne4 Bf5 24. Nf6+ Kf7 25. Nxh7 Kg7 26. Ng5 Nd5
27. g4 Bxc2 28. Rf7+ Kg8 29. Rxb7 a5 30. Ne6 Re8 31. Nd4 Be4 32. Nxc6 Bxg2 33.
Kxg2 Re2+ 34. Kf3 Rxh2 35. Nxa5 Rh3+ 36. Ke4 Nf6+ 37. Kf4 Rd3 38. Nc6 Kf8 39.
Ne5 Rd4+ 40. Kf3 1-0

[Event "AUT-ch"]
[Site "Moesern"]
[Date "1997.08.09"]
[Round "8"]
[White "Kummer, Helmut"]
[Black "Duer, Arne"]
[Result "1-0"]
[WhiteElo "2380"]
[BlackElo "2405"]
[PlyCount "113"]
[EventDate "1997.08.??"]

1. d4 d6 2. c4 e5 3. Nf3 e4 4. Ng5 f5 5. Nc3 c6 6. Nh3 Nf6 7. Bg5 Be7 8. e3 O-O
9. Be2 Na6 10. Nf4 Nc7 11. Qb3 Rb8 12. h4 Ne6 13. c5 d5 14. Nxe6 Bxe6 15. Bf4
Ra8 16. Qxb7 Bd7 17. g3 h6 18. b4 Rf7 19. Qa6 Ng4 20. b5 Rf6 21. Qa3 Rf7 22.
Qb4 Bf8 23. a4 Rc8 24. h5 Be7 25. Rd1 Kh7 26. a5 Bg5 27. b6 Bxf4 28. gxf4 Nf6
29. Kd2 Rb8 30. Rdg1 Be8 31. Rg3 Re7 32. Qa4 Nd7 33. Rgg1 Nf6 34. Rb1 Qc8 35.
Rb2 Bf7 36. Na2 Be8 37. Nb4 Ra8 38. Qc2 Kh8 39. Ba6 Qe6 40. Be2 Qc8 41. Qb1 Qd8
42. Na6 Rb7 43. Nc7 Rxc7 44. bxc7 Qxc7 45. Qa1 Bf7 46. a6 Qc8 47. Rb7 Qe8 48.
Rg1 Bxh5 49. Rgxg7 Bxe2 50. Kxe2 Qh5+ 51. Kd2 Qf3 52. Qg1 Ng4 53. Rh7+ Kg8 54.
Rxh6 Rf8 55. Rhh7 Rf6 56. Rbg7+ Kf8 57. Rxa7 1-0

[Event "AUT-ch"]
[Site "Moesern"]
[Date "1997.??.08"]
[Round "9"]
[White "Duer, Arne"]
[Black "Schlosser, Michael"]
[Result "0-1"]
[WhiteElo "2405"]
[BlackElo "2350"]
[PlyCount "98"]
[EventDate "1997.08.??"]

1. Nf3 g6 2. g3 Bg7 3. Bg2 d5 4. O-O e5 5. d3 Ne7 6. e4 d4 7. Bd2 c5 8. a4 Nbc6
9. Na3 O-O 10. Qc1 f6 11. Ne1 b6 12. Nc4 Be6 13. f4 a6 14. Nf3 b5 15. axb5 axb5
16. Rxa8 Qxa8 17. Na3 Qa6 18. fxe5 Nxe5 19. Nxe5 fxe5 20. Bg5 Nc6 21. Rxf8+
Bxf8 22. Qf1 c4 23. Bh3 Bf7 24. Nb1 Nb4 25. Na3 c3 26. bxc3 dxc3 27. Nb1 Qa1
28. Bf6 Nc6 29. Kh1 b4 30. Qc1 Qa7 31. Kg2 Qc7 32. Bg4 Qd6 33. Bg5 Nd4 34. Bd1
Qe6 35. Qe3 Be8 36. Qe1 Nb5 37. Qf2 Bd7 38. Be3 Qf7 39. Qe1 Be6 40. h3 h5 41.
g4 hxg4 42. Bxg4 Bxg4 43. hxg4 Qa2 44. Kf3 Qxc2 45. Qf1 {} 45... Qh2 46. d4
Nxd4+ 47. Bxd4 Qf4+ 48. Ke2 Qxf1+ 49. Kxf1 c2 0-1